| 000 | 00351nam a22001577a 4500 | ||
|---|---|---|---|
| 003 | SGT | ||
| 020 | _a9384266167 | ||
| 082 |
_a668.5 _bKUM |
||
| 100 | _aKUMAR DALIP J | ||
| 245 | _aA CONCISE BOOK OF COSMETIC SCIENCE | ||
| 250 | _a2ND | ||
| 260 |
_aINDIA _bBIRLA PUB _c2025 |
||
| 300 | _a128 | ||
| 650 | _aPHARMACEUTICAL SCIENCES | ||
| 942 |
_2ddc _cBK |
||
| 999 |
_c32838 _d32838 |
||